000 00213 a2200097 4500
001 2109
100 _aLegrand, R
245 _aNew American machinests handbook
260 _a
_bMc Graw Hill
_c
090 _c1555
_d1555
942 _aNUST-CAE
_cM
_c6169
999 _c237182
_d237182